Loading...
| History - World History | 0 | 9 | 1 | 0 | 85 | 39 | 58.78 | 5 | 8 |
| History - European History | 0 | 8 | 2 | 1 | 70 | 40 | 73.75 | 4 | 7 |
| History - Other History | 0 | 7 | 1 | 1 | 65 | 43 | 67.00 | 5 | 6 |
| History - American History | 0 | 6 | 1 | 1 | 55 | 18 | 55.50 | 4 | 6 |
| Science - Biology | 0 | 2 | 0 | 0 | 20 | 77 | 87.00 | 0 | 1 |
| Religion | 0 | 2 | 0 | 1 | 20 | 92 | 110.50 | 0 | 0 |
| Fine Arts - Other Fine Arts | 0 | 2 | 0 | 1 | 20 | 98 | 119.00 | 0 | 0 |
| Mythology | 0 | 2 | 1 | 0 | 15 | 54 | 65.50 | 2 | 2 |
| Science - Chemistry | 0 | 1 | 0 | 0 | 10 | 82 | 82.00 | 0 | 1 |
| Fine Arts - Painting and Sculpture | 0 | 2 | 2 | 0 | 10 | 68 | 72.00 | 0 | 1 |
| Geography | 0 | 1 | 0 | 0 | 10 | 93 | 93.00 | 0 | 0 |
| Literature - British Literature | 0 | 1 | 0 | 0 | 10 | 85 | 85.00 | 1 | 1 |
| Pop Culture | 0 | 1 | 0 | 0 | 10 | 68 | 68.00 | 0 | 1 |
| Current Events | 0 | 1 | 1 | 0 | 5 | 111 | 111.00 | 0 | 1 |